Vista normal Vista MARC

Entrada Topical Term

Número de registros utilizados en: 1

001 - CONTROL NUMBER

  • control field: 37498

003 - CONTROL NUMBER IDENTIFIER

  • control field: OSt

005 - DATE AND TIME OF LATEST TRANSACTION

  • control field: 20210510113224.0

008 - FIXED-LENGTH DATA ELEMENTS

  • fixed length control field: 210510|| aca||aabn | a|a d

040 ## - CATALOGING SOURCE

  • Original cataloging agency: OSt
  • Transcribing agency: OSt

150 ## - HEADING--TOPICAL TERM

  • Topical term or geographic name entry element: Ordenamiento territorial
  • General subdivision: Aspectos ambientales

670 ## - SOURCE DATA FOUND

  • Source citation: Work cat.: (OSt)7543: Rincón Córdoba, Jorge Iván, 4141 autor, Planes de ordenamiento territorial, propiedad y medio ambiente / , 2012